El zapatero y el rey : 1a parte /

Uloženo v:
Podrobná bibliografie
Hlavní autor: Zorrilla, José (autor)
Médium: Kniha
Jazyk:španělština
Vydáno: Buenos Aires, Argentina : Editora Internacional, 1924, c1924
Témata:
Tagy: Přidat tag
Žádné tagy, Buďte první, kdo vytvoří štítek k tomuto záznamu!

MARC

LEADER 00000nam^a2200000^a^4500
001 000343958
005 20250526000000.0
009 20260310114637.058
037 |a Acervo ITESO - Biblioteca 
041 |a ESP 
082 |a 862.  |b ZOR V. 1 
100 |a Zorrilla, José  |e (autor) 
240 1 4 |a [El zapatero y el rey] 
245 1 3 |a El zapatero y el rey :  |b 1a parte /  |c J. Zorrilla. 
264 4 |a Buenos Aires, Argentina :  |b Editora Internacional,  |c 1924, c1924 
300 |a 211 p. ;  |c 17.5 cm. 
336 |a texto  |b txt  |2 rdacontenido 
337 |a sin mediación  |b n  |2 rdamedio 
338 |a volumen  |b nc  |2 rdasoporte 
545 0 |a José Zorrilla (Valladolid, 1817 – Madrid, 1893), escritor español. Abandonó sus estudios de Derecho para dedicarse a la literatura. Se dio a conocer como poeta en el entierro de Mariano José de Larra (1837), mismo año que inició la publicación de sus ocho volúmenes de Poesías (1837-40). La extensa obra poética de Zorrilla continuó con títulos como Cantos del trovador (1840-41), La azucena silvestre (1845), el largo e inacabado poema "oriental" Granada (1852) –que dedicó al veracruzano Bartolomé Muriel, su anfitrión en París-, La leyenda del Cid (1882) y Gnomos y mujeres (1886). Radicado en México durante 1855-65, fue protegido del emperador Maximiliano y dio cuenta de esos años, con una mezcla de rencor y afecto, en el testimonio La flor de los recuerdos (1855-59) y el poema El drama del alma (1867). Su mayor celebridad radica, como es sabido, en su obra dramática, escrita casi toda en verso, con predominio de la acción y la intriga y de los temas históricos. Vivir loco y morir más (1837) abrió esa vertiente, ampliada al paso de los años con creaciones como las dos partes de El zapatero y el rey (1840-42); Los dos virreyes, Apoteosis de don Pedro Calderón de la Barca, Sancho García, El eco del torrente y Un año y un día (las cinco de 1842); El caballero del rey don Sancho (1843); El puñal del godo (1843) y su continuación La calentura (1847); la tragedia clásica Sofronía (1843); la muy exitosa Don Juan Tenorio (1844); El alcalde Ronquillo (1845); El excomulgado (1848); el drama bíblico La creación y el diluvio (1848); Traidor, incofeso y mártir (1849), que Zorrilla consideraba su mejor obra, y la adaptación para zarzuela de Don Juan Tenorio (1877). Nombrado miembro de la Real Academia Española en 1849, tomó posesión de su asiento hasta 1885 y complementó su producción autobiográfica con Recuerdos del tiempo viejo (1880-82). 
649 |a XX 
650 |a Teatro Español 
650 |a Romanticismo (Literatura) -  |z España 
650 |a Literatura Española -  |y Siglo XIX 
650 |a Sevilla, España en la Literatura 
910 |a Fondo General 
920 |a Impresos - Libros 
930 |a Libros Antiguos y Raros 
940 |a Literatura 
905 |a 108 
901 |a 0500234495  |b IT2  |c LRA  |i D63827  |u 20250526 
902 |a https://opac.biblio.iteso.mx/vufind/Record/000343958